| 000 | 00439nam a22001577a 4500 | ||
|---|---|---|---|
| 003 | OSt | ||
| 005 | 20251030115427.0 | ||
| 008 | 251030b |||||||| |||| 00| 0 eng d | ||
| 022 | _20040-5639 | ||
| 100 | _aJames F. Keenan, SJ | ||
| 245 | _aProphetic Pragmatism and Descending to Matters of Detail | ||
| 260 |
_aUSA, _bSages Publications; _c2018 |
||
| 300 | _aP.128-145 | ||
| 440 |
_aTheological Studies _nNo.1 _vVol.79 |
||
| 942 |
_2lcc _cART |
||
| 999 |
_c204986 _d204946 |
||